000 00692nam a2200169Ia 4500
008 090711s9999 xx 000 0 und d
082 _b73496
100 _aनोबेल गाइड
245 _a"ए नोबेल गाइड टु बंडू, नटसम्राट व रणांगण"
260 _c1983
300 _a126
600 _aनोबेल गाइड
630 _a"ए नोबेल गाइड टु बंडू, नटसम्राट व रणांगण"
700 _aनोबेल गाइड
730 _a"ए नोबेल गाइड टु बंडू, नटसम्राट व रणांगण"
942 _cBOOK
999 _c314957
_d314957